000 00516nam a22001697a 4500
003 0
005 20230621094800.0
008 230621b xxu||||| |||| 00| 0 eng d
020 _a978-0-375-87025-5
082 _aRef. 599.789
_b.Os1 2012
245 _aPandas and other endangered species
_cOsborne, Mary Pope
260 _aNew York
_bRandom House
_cc2012
300 _a118pp.
_bill.
_c19cm.
500 _aGiant panda-Juvenile literature.
500 _aEndangered species-Juvenile literature.
942 _2ddc
_cBK
999 _c365081
_d365081